000 00393cam a2200157ua 4500
041 _aeng
_h
082 _a823.308
_bDIC/AD
100 _aDickens, Charles.
245 _aAdventures of Pick wick /
_cCharles dickens.
_hTextual Documents
250 _a1 /
_b.
260 _aLondon :
_bOxford University Press ,
_c1962.
300 _a184 ; .
504 _a
942 _cBK
999 _c8411
_d8411